Super Smash Bros Ultimate- Bosses - Statistics

General Stats
  • This quiz has been taken 25 times
  • The average score is 7 of 10
Answer Stats
Answer % Correct
Dracula
88%
Galeem
82%
Giga Bowser
82%
Marx
82%
Dharkon
76%
Rathalos
76%
Ganon
71%
Galleom
65%
Crazy Hand
47%
Master hand
47%
No matching quizzes found
Score Distribution
Percent of People with Each Score
Percentile by Number Answered
Your Score History
You have not taken this quiz